Zdaňovanie spoločností vo vybraných krajinách EÚ bakalárska práca

Enregistré dans:
Détails bibliographiques
Auteur principal: Matis, Michal
Collectivité auteur: Fakulta podnikového manažmentu EU. Katedra podnikových financií
Autres auteurs: Ďurinová, Ivona, 1964-
Format: Livre
Langue:slovaque
Publié: Bratislava 2023
Tags: Ajouter un tag
Pas de tags, Soyez le premier à ajouter un tag!

MARC

LEADER 00000nbm a2200000 4500
001 0293386
005 20240307090211.1
041 0 |a slo 
044 |a SK 
245 1 0 |a Zdaňovanie spoločností vo vybraných krajinách EÚ  |b bakalárska práca  |c Michal Matis ; školiteľ: Ivona Ďurinová 
264 1 |a Bratislava  |c 2023 
300 |a 71 s. 
100 1 |a Matis, Michal 
700 1 |a Ďurinová, Ivona, 1964- 
710 2 |a Fakulta podnikového manažmentu EU. Katedra podnikových financií